000 00448nam a22001577a 4500
005 20251108164401.0
008 250721s1999 xx 000 0 ara d
082 1 4 _a657/فرا
100 1 _aالفداع، فداع
245 1 0 _aالمحاسبة المتوسطة :
_bنظرية و تطبيق /
264 1 _aعمان :
_bمؤسسة الوراق،
_c1999.
300 _a630ص
650 1 7 _aالمحاسبة
942 _2ddc
_cBK
999 _c10817
_d10817